Antes de perder la memoria

Сохранить в:
Библиографические подробности
Главные авторы: Jiménez, Ana María (Автор), Izquierdo, Teresa (Автор)
Формат:
Язык:испанский
Опубликовано: Santiago Editorial Cuarto Propio 2015
Редактирование:1a. ed
Предметы:
Метки: Добавить метку
Нет меток, Требуется 1-ая метка записи!

MARC

LEADER 00000cam a2200000 a 4500
001 UCD6280
003 CL-VaPUC
008 161124e20150100cl |||||||||||||||||spa|d
020 |a 9789562607001 
082 0 4 |a 322.420983   |b JIM  |2 21 
100 0 |a Jiménez, Ana María  |e author  |9 590055 
700 0 |a Izquierdo, Teresa  |e author  |9 590056 
245 1 0 |a Antes de perder la memoria 
250 |a 1a. ed 
300 |a 270 p 
942 |c BK 
945 |d 20161124 22:47:00  |a arojas 
260 |a Santiago  |b Editorial Cuarto Propio  |c 2015 
600 0 7 |a MIR  |2 CL-VaPUC  |9 467865 
650 0 |a Movimientos revolucionarios  |9 349711 
650 0 |a Movimientos sociales  |9 315241 
583 |a last modification  |c 20161124 22:47:00  |k Rodrigo Vera 
999 |c 366637  |d 366635